000 00908nam a22001935i 4500
001 162100
003 ES-MaACL
005 20231228063241.0
008 940301s1899 sp |||| | spa d
040 _aAS
_bspa
100 1 _aPidal y Mon, Alejandro,
_d1846-1913
_991890
245 1 0 _aDiscurso en elogio del Ilmo. Sr. D. Manuel Tamayo y Baus, secretario de la Real Academia Española
_b: leído en la junta pública celebrada el día 12 de marzo de 1899 para honrar su memoria /
_cpor Alejandro Pidal y Mon.
260 _aMadrid :
_b[s.n.],
_c1899 (
_fEstab. tip. Sucesores de Rivadeneyra)
300 _a41 p., [1] h. de lám. ;
_c28 cm.
599 1 _aH. de lám. grab. calc.: "B. Maura gbo 1898", retrato de Tamayo y Baus.
600 1 4 _aTamayo y Baus, Manuel-
_xHomenajes.
_9223601
852 _aES-MaACL
_jFol-Laf-110
_z-- Rúst.
_z-- Legado de Modesto de la Fuente
999 _c162100
_d162100